Laporan K005/2026 : Laporan Menghadiri Kursus "Understanding , Evaluating And Implementing Effective Hirarc At The Workplace" di Niosh, Bangi, Sepangor pada 16 - 18 Disember 2025 / (Record no. 27194)
[ view plain ]
| 000 -LEADER | |
|---|---|
| fixed length control field | 00764nam a22001697a 4500 |
| 001 - CONTROL NUMBER | |
| control field | 0000000886 |
| 003 - CONTROL NUMBER IDENTIFIER | |
| control field | PPM |
| 005 - DATE AND TIME OF LATEST TRANSACTION | |
| control field | 20260415104818.0 |
| 008 - FIXED-LENGTH DATA ELEMENTS--GENERAL INFORMATION | |
| fixed length control field | 260415b ||||| |||| 00| 0 eng d |
| 035 ## - SYSTEM CONTROL NUMBER | |
| System control number | 0000000886 |
| 040 ## - CATALOGING SOURCE | |
| Original cataloging agency | PPM |
| Language of cataloging | PPM |
| Transcribing agency | Pusat Penyelidikan Mineral, Jabatan Mineral Dan Geosains Malaysia |
| Modifying agency | PPM |
| Description conventions | RDA |
| 100 1# - MAIN ENTRY--PERSONAL NAME | |
| Personal name | ChM Anuar bin Othman |
| Relator term | author |
| 245 10 - TITLE STATEMENT | |
| Title | Laporan K005/2026 : Laporan Menghadiri Kursus "Understanding , Evaluating And Implementing Effective Hirarc At The Workplace" di Niosh, Bangi, Sepangor pada 16 - 18 Disember 2025 / |
| Statement of responsibility, etc. | oleh ChM. Anuar b. Othman |
| 260 #1 - PUBLICATION, DISTRIBUTION, ETC. | |
| Place of publication, distribution, etc. | Perak : |
| Name of publisher, distributor, etc. | Pusat Penyelidikan Mineral, Jabatan Mineral Dan Geosains Malaysia , |
| Date of publication, distribution, etc. | 2026 |
| 300 00 - PHYSICAL DESCRIPTION | |
| Extent | 88 pages .: |
| Other physical details | some colour, illustrations .; |
| Dimensions | 29 cm |
| 942 ## - ADDED ENTRY ELEMENTS (KOHA) | |
| Source of classification or shelving scheme | |
| Koha item type | Reports |
| Withdrawn status | Lost status | Source of classification or shelving scheme | Damaged status | Not for loan | Collection code | Permanent Location | Current Location | Shelving location | Date acquired | Total Checkouts | Date last seen | Price effective from | Koha item type |
|---|---|---|---|---|---|---|---|---|---|---|---|---|---|
| Available | Report | PPM | PPM | Report | 15/04/2026 | 15/04/2026 | 15/04/2026 | Reports |